<?xml version="1.0" encoding="UTF-8"?>
<record
    xmlns:xsi="http://www.w3.org/2001/XMLSchema-instance"
    xsi:schemaLocation="http://www.loc.gov/MARC21/slim http://www.loc.gov/standards/marcxml/schema/MARC21slim.xsd"
    xmlns="http://www.loc.gov/MARC21/slim">

  <leader>00929nam2a2200253   4500</leader>
  <controlfield tag="001">RU\NLR\bibl\1455529</controlfield>
  <controlfield tag="005">20250615233138.0</controlfield>
  <datafield tag="010" ind1=" " ind2=" ">
    <subfield code="a">978-5-7454-1184-7</subfield>
    <subfield code="9">3000</subfield>
  </datafield>
  <datafield tag="021" ind1=" " ind2=" ">
    <subfield code="a">RU</subfield>
    <subfield code="b">2009-89276</subfield>
    <subfield code="9">5621</subfield>
  </datafield>
  <datafield tag="035" ind1=" " ind2=" ">
    <subfield code="a">(NLR Aleph) 001447334</subfield>
  </datafield>
  <datafield tag="090" ind1=" " ind2=" ">
    <subfield code="a">1500985</subfield>
    <subfield code="c">1500985</subfield>
  </datafield>
  <datafield tag="100" ind1=" " ind2=" ">
    <subfield code="a">20091221d2009    |||y0rusy50      ca</subfield>
  </datafield>
  <datafield tag="101" ind1="0" ind2=" ">
    <subfield code="a">rus</subfield>
  </datafield>
  <datafield tag="102" ind1=" " ind2=" ">
    <subfield code="a">RU</subfield>
  </datafield>
  <datafield tag="105" ind1=" " ind2=" ">
    <subfield code="a">y   |||||||||</subfield>
  </datafield>
  <datafield tag="200" ind1="1" ind2=" ">
    <subfield code="a">&#x41A;&#x43E;&#x433;&#x434;&#x430; &#x438;&#x441;&#x446;&#x435;&#x43B;&#x44F;&#x435;&#x442;&#x441;&#x44F; &#x434;&#x443;&#x448;&#x430;</subfield>
  </datafield>
  <datafield tag="210" ind1=" " ind2=" ">
    <subfield code="d">2009</subfield>
    <subfield code="a">&#x411;. &#x43C;.</subfield>
  </datafield>
  <datafield tag="215" ind1=" " ind2=" ">
    <subfield code="a">373, [1] &#x441;.</subfield>
  </datafield>
  <datafield tag="461" ind1=" " ind2="0">
    <subfield code="1">001RU\NLR\bibl\1446672</subfield>
    <subfield code="1">2001#$a&#x421;&#x435;&#x441;&#x442;&#x440;&#x44B; &#x43F;&#x43E; &#x43B;&#x43E;&#x441;&#x43A;&#x443;&#x442;&#x43D;&#x43E;&#x43C;&#x443; &#x43E;&#x434;&#x435;&#x44F;&#x43B;&#x443;$v&#x41A;&#x43D;. 3</subfield>
    <subfield code="9">1447774</subfield>
    <subfield code="a">&#x412;&#x443;&#x434;&#x441;&#x43C;&#x43E;&#x43B;&#x43B;, &#x421;.</subfield>
    <subfield code="c">&#x421;&#x430;&#x43D;&#x43A;&#x442;-&#x41F;&#x435;&#x442;&#x435;&#x440;&#x431;&#x443;&#x440;&#x433;</subfield>
    <subfield code="d">2008</subfield>
    <subfield code="f">&#x421;&#x438;&#x43D;&#x434;&#x438; &#x412;&#x443;&#x434;&#x441;&#x43C;&#x43E;&#x43B;&#x43B;</subfield>
    <subfield code="n">&#x411;&#x438;&#x431;&#x43B;&#x438;&#x44F; &#x434;&#x43B;&#x44F; &#x432;&#x441;&#x435;&#x445;</subfield>
    <subfield code="o">[&#x440;&#x43E;&#x43C;&#x430;&#x43D;]</subfield>
    <subfield code="t">&#x421;&#x435;&#x441;&#x442;&#x440;&#x44B; &#x43F;&#x43E; &#x43B;&#x43E;&#x441;&#x43A;&#x443;&#x442;&#x43D;&#x43E;&#x43C;&#x443; &#x43E;&#x434;&#x435;&#x44F;&#x43B;&#x443;</subfield>
    <subfield code="v">&#x41A;&#x43D;. 3</subfield>
  </datafield>
  <datafield tag="801" ind1=" " ind2="0">
    <subfield code="a">RU</subfield>
    <subfield code="b">NLR</subfield>
    <subfield code="c">20091221</subfield>
    <subfield code="g">RCR</subfield>
  </datafield>
  <datafield tag="801" ind1=" " ind2="1">
    <subfield code="a">RU</subfield>
    <subfield code="b">NLR</subfield>
    <subfield code="c">20091221</subfield>
  </datafield>
  <datafield tag="942" ind1=" " ind2=" ">
    <subfield code="c">BOOK</subfield>
  </datafield>
  <datafield tag="980" ind1=" " ind2=" ">
    <subfield code="a">NB</subfield>
  </datafield>
  <datafield tag="995" ind1=" " ind2=" ">
    <subfield code="5">2009-12-21</subfield>
    <subfield code="a">ad</subfield>
    <subfield code="b">NLR01</subfield>
    <subfield code="c">NLR01</subfield>
    <subfield code="e">RF9</subfield>
    <subfield code="f">3070799</subfield>
    <subfield code="k">2009-3/11844</subfield>
    <subfield code="o">0</subfield>
    <subfield code="r">BOOK</subfield>
    <subfield code="s">2009311844_</subfield>
  </datafield>
  <datafield tag="995" ind1=" " ind2=" ">
    <subfield code="5">2009-12-21</subfield>
    <subfield code="a">ad</subfield>
    <subfield code="b">NLR01</subfield>
    <subfield code="c">NLR01</subfield>
    <subfield code="e">RF9</subfield>
    <subfield code="f">3070800</subfield>
    <subfield code="k">2009-3/41831</subfield>
    <subfield code="o">0</subfield>
    <subfield code="r">BOOK</subfield>
    <subfield code="s">2009341831_</subfield>
  </datafield>
</record>
